000 00387nam a2200145Ia 4500
008 240624s9999 xx 000 0 und d
041 _aeng
082 _a158 BUT
100 _aBUTLER GILLIAN
245 _aMANAGE YOUR MIND THE MENTAL FITNESS GUID
250 _a(New Edition ed.)
260 _c2011
_aNew Delhi
_bOxford India
300 _aviii, : 499 : p. : cm. ; 23
365 _cRS
_b31
999 _c21846
_d21846